000 00277nam a22001337a 4500
008 170801b xxu||||| |||| 00| 0 eng d
020 _a9780072459043
041 _aeng
080 _a004
100 _a32
101 _aSHK
245 _aACCESS 2002
_cHAAG,S
942 _2udc
_cBK
999 _c22431
_d22431